000 00471nam a2200169Ia 4500
008 180921t2016 xxu||||| |||| 00| 0 sin d
041 _asin
080 _a294.3
_bGNA
100 _aGnananda Himi,Kiribathgoda
245 _aණුවන වැඩෙන බෝසත් කතා 5
246 _aNuwana Wedena Bosath Katha 05
260 _bMahamegha
_aPolgahawela
_c2016
300 _b65p, 21cm
942 _cBK
999 _c1908
_d1908
003 LK-CoDNM
040 _aLK-CoDNM
_dLK-CoDNM
_eLK-CoDNM